• 首页
  • 本馆介绍
  • 公告通知
  • 最新文献
  • 馆藏检索
  • 电子资源
  • 读者导购
  • 参考咨询
  • 我的图书馆
  • 登录
  • 详细信息显示
  • 放入我的书架
  • 预约/预借图书
  • 作者相关作品
  • 分类相关作品
  • 丛书相关作品
  • 出版社相关作品

书目信息

  • 表格格式
  • 工作单格式
  • 卡片格式
题名:
黄与蓝的交响
    
 
作者: 易中天 , 邓晓芒 著
分册:  
出版信息: 北京   人民文学出版社  1999
页数: 505页
开本: 20cm
丛书名: 猫头鹰学术文丛
单 册:
中图分类: B83-03 , B83
科图分类: 18.035
主题词: 比较美学--中国--西方国家 , 比较美学 , 美学
电子资源:
ISBN: 7-02-002827-6
000 00915nam2 2200313 450
001 1259786734
005 20120927164045.46
010    @a7-02-002827-6@dCNY24.00
100    @a20021005d1999 kemy0chiy0110 ea
101 0  @achi
102    @aCN@b110000
105    @af z 000yy
106    @ar
200 1  @a黄与蓝的交响@Ahuang yu lan de jiao xiang@e中西美学比较论@f邓晓芒,易中天著
210    @a北京@c人民文学出版社@d1999
215    @a505页@c照片@d20cm
225 2  @a猫头鹰学术文丛
410  0 @12001 @a猫头鹰学术文丛
517 1  @a中西美学比较论@Azhong xi mei xue bi jiao lun
606 0  @a比较美学@y中国@x西方国家
606 0  @a比较美学
606 0  @a美学
690    @aB83-03@v3
690    @aB83@v4
692    @a18.035@v2
701  0 @a易中天@f(1947~)@Ayi zhong tian@4著
701  0 @a邓晓芒@f(1948~)@Adeng xiao mang@4著
801  0 @aCN@bNLC@c19990806
905    @a10447@dB83@eJY16
    
    黄与蓝的交响:中西美学比较论/邓晓芒,易中天著 .-北京:人民文学出版社,1999
    505页:照片;20cm .-(猫头鹰学术文丛 )
    
    
    ISBN 7-02-002827-6:CNY24.00
    
●
相关链接 在E读中查询图书 在五车中查询图书 在当当中查询图书 在豆瓣中查询图书


正题名:黄与蓝的交响     索取号:B83/JY16         预约/预借

序号 登录号 条形码 馆藏地/架位号 状态 备注
1 7829983   278299832   学院路分馆/ [索取号:B83/JY16] 在馆    
2 7829984   278299841   学院路分馆/ [索取号:B83/JY16] 在馆    
3 7829985   278299850   学院路分馆/ [索取号:B83/JY16] 在馆    
4 7829986   278299869   学院路分馆/ [索取号:B83/JY16] 在馆    
唐山师范学院图书馆 欢迎您!
大连网信软件有限公司© 版权所有